NBA Rookie of The Year - Statistics

General Stats
  • This quiz has been taken 22 times
  • The average score is 27 of 41
Answer Stats
Year Team Player % Correct
2004 Cavaliers Lebron James
100%
1998 Spurs Tim Duncan
100%
2020 Grizzlies Ja Morant
95%
2016 Timberwolves Karl-Anthony Towns
95%
2019 Mavericks Luka Doncic
95%
1985 Bulls Michael Jordan
95%
1999 Raptors Vince Carter
95%
2018 76ers Ben Simmons
90%
2013 Trail Blazers Damian Lillard
90%
2009 Bulls Derrick Rose
90%
2012 Cavaliers Kyrie Irving
90%
1986 Knicks Patrick Ewing
90%
1990 Spurs David Robinson
85%
2008 SuperSonics Kevin Durant
85%
2021 Hornets LaMelo Ball
85%
1997 76ers Allen Iverson
80%
2011 Clippers Blake Griffin
80%
2023 Magic Paolo Banchero
80%
1993 Magic Shaquille O'Neal
80%
2015 Timberwolves Andrew Wiggins
75%
2002 Grizzlies Pau Gasol
75%
2022 Raptors Scottie Barnes
75%
2006 Hornets Chris Paul
70%
2014 76ers Michael Carter-Williams
70%
2001 Magic Mike Miller
70%
2017 Bucks Malcolm Brogdon
60%
2003 Suns Amare Stoudemire
55%
1996 Raptors Damon Stoudamire
55%
2007 Trail Blazers Brandon Roy
50%
1994 Warriors Chris Webber
45%
1984 Rockets Ralph Sampson
45%
1995 Pistons and Mavericks Grant Hill and Jason Kidd
40%
1992 Hornets Larry Johnson
35%
2005 Bobcats Emeka Okafor
30%
2010 Kings Tyreke Evans
25%
1991 Nets Derrick Coleman
20%
1989 Warriors Mitch Richmond
20%
2000 Bulls and Rockets Elton Brand and Steve Francis
15%
1987 Pacers Chuck Person
10%
1988 Knicks Mark Jackson
10%
1983 Clippers Terry Cummings
5%
No matching quizzes found
Score Distribution
Percent of People with Each Score
Percentile by Number Answered
Your Score History
You have not taken this quiz